| 000 | 00545nam a22002057a 4500 | ||
|---|---|---|---|
| 999 |
_c480939 _d480939 |
||
| 003 | NUST | ||
| 005 | 20180828074701.0 | ||
| 008 | 180828b ||||| |||| 00| 0 eng d | ||
| 020 | _a9780195798067 | ||
| 022 | _a9780195798067 | ||
| 038 | _a0 | ||
| 050 | _a954.91 | ||
| 082 | _a954.91 | ||
| 100 |
_aSafdar Mahmood. _99778 |
||
| 245 |
_aPakistan. _bPolitical Roots & Development 1947-1999. _cSafdar Mahmood. |
||
| 260 |
_aNew York. _bOxford University Press. _c2000. |
||
| 300 | _a440p. | ||
| 500 | _aPaper Cover. | ||
| 942 |
_2ddc _cBK _k954.91 |
||